000 00306 a2200145 4500
001 168112
020 _a
040 _cMagnum
100 _aValla, Victor Vicent (Org.)
240 1 0 _aSaude e educacao
_lpor
245 1 0 _aSaude e educacao
362 0 _a1899
697 _aPROBLEMAS SOCIAIS
942 _cBK
999 _c168112
_d168112